| 000 | 00919cam a2200241 4500 | ||
|---|---|---|---|
| 001 | ##L133075 | ||
| 002 | ##321 | ||
| 008 | 060407n2004 000 0 eng u | ||
| 020 | _a1859461468 | ||
| 035 | _a(Sirsi) u133075 | ||
| 041 | 0 | _aeng | |
| 050 | 0 | 4 | _a331.204172 $2 18 |
| 110 | 2 |
_aRoyal Institute of British Architects _92527 |
|
| 245 | 0 | 0 |
_aStandard form of agreement for the appointment of an architect _b(SFA/99) (updated April 2004) |
| 260 |
_aLondon _bRIBA Publications _c2004 |
||
| 300 |
_a16p. _c30cm. |
||
| 350 | _a12.50 | ||
| 505 | 0 | _aMemorandum of agreement - Project description - Services - Fees and expenses - Other appointments - Services supplement for a fully designed project - Conditions of engagement - Notes on the use and completion of SFA/99 | |
| 650 | 2 | 4 | _aSTANDARD FORM OF AGREEMENT |
| 650 | 2 | 4 | _aSFA/99 |
| 690 | _aMANAGEMENT-BUSINESS MANAGEMENT-PROFESSIONAL PRACTICE | ||
| 942 | _n0 | ||
| 999 |
_c105320 _d105320 |
||